logo

Bir Sreshtho Munshi Abdur Rouf Library
Jhenaidah Cadet College

On the shoulders of giants : (Record no. 12723)

MARC details
000 -LEADER
fixed length control field 00704nam a2200253 a 4500
001 - CONTROL NUMBER
control field 12723
003 - CONTROL NUMBER IDENTIFIER
control field BD-JhCC
005 - DATE AND TIME OF LATEST TRANSACTION
control field 20230509084921.0
008 - FIXED-LENGTH DATA ELEMENTS--GENERAL INFORMATION
fixed length control field 230509s2002 uk a 001 0 eng d
020 ## - INTERNATIONAL STANDARD BOOK NUMBER
International Standard Book Number 9780141015712
035 ## - SYSTEM CONTROL NUMBER
System control number 800954
040 ## - CATALOGING SOURCE
Original cataloging agency ANL
Language of cataloging eng
Modifying agency ANL
-- BD-JhCC
Transcribing agency BD-JhCC
042 ## - AUTHENTICATION CODE
Authentication code anuc
082 04 - DEWEY DECIMAL CLASSIFICATION NUMBER
Classification number 520
Edition number 21
Item number ONT 2002
245 10 - TITLE STATEMENT
Title On the shoulders of giants :
Remainder of title a course in single variable calculus /
Statement of responsibility, etc. ed. by Stephen Hawking
250 ## - EDITION STATEMENT
Edition statement [Rev. ed.]
260 ## - PUBLICATION, DISTRIBUTION, ETC.
Place of publication, distribution, etc. London :
Name of publisher, distributor, etc. Penguin Books,
Date of publication, distribution, etc. 2002.
300 ## - PHYSICAL DESCRIPTION
Extent xii,1264 p. :
Other physical details ill. ;
Dimensions 23 cm.
500 ## - GENERAL NOTE
General note Includes index.
650 #0 - SUBJECT ADDED ENTRY--TOPICAL TERM
Topical term or geographic name entry element Astronomy
650 #0 - SUBJECT ADDED ENTRY--TOPICAL TERM
Topical term or geographic name entry element Physics
942 ## - ADDED ENTRY ELEMENTS (KOHA)
Source of classification or shelving scheme Dewey Decimal Classification
Koha item type Books
Holdings
Withdrawn status Lost status Source of classification or shelving scheme Damaged status Not for loan Home library Current library Shelving location Date acquired Cost, normal purchase price Total Checkouts Full call number Barcode Date last seen Date last checked out Copy number Price effective from Koha item type
    Dewey Decimal Classification     JCC Rouf Library JCC Rouf Library General Stacks 05/09/2023 1790.00 2 520 ONT 2002 17693 04/17/2024 02/18/2024 C-1 05/09/2023 Books

JCC Library | Contacts | JCC Home

Last Update on 23 September 2017
Copyright @ 2017-2020 JCC Rouf Library
Rouf Library, Jhenidah Cadet College (JCC), Bangladesh